Statistics for Complete the Card - WWE WrestleMania XXVIII

Click here to take the quiz!

General Stats

  • This quiz has been taken 637 times
  • The average score is 23 of 34

Answer Stats

Answer% Correct
John Cena
98%
The Rock
98%
The Undertaker
97%
Triple H
97%
CM Punk
91%
Daniel Bryan
90%
Sheamus
89%
Booker T
88%
Chris Jericho
86%
The Big Show
85%
Randy Orton
84%
Kane
83%
The Miz
80%
Cody Rhodes
79%
Zack Ryder
71%
Dolph Ziggler
69%
Kofi Kingston
68%
Mark Henry
65%
Jey Uso
63%
Jimmy Uso
63%
Jack Swagger
61%
R-Truth
54%
Beth Phoenix
53%
Santino Marella
52%
Kelly Kelly
51%
Eve Torres
49%
The Great Khali
43%
Epico
41%
Primo
41%
David Otunga
39%
Tyson Kidd
39%
Justin Gabriel
36%
Drew McIntyre
35%
Maria Menounos
34%

Score Distribution

Percentile by Number Answered

Percent of People with Each Score

Your Score History

You have not taken this quiz